书目信息 |
| 题名: |
梁遇春精品集
|
|
| 作者: | 梁遇春 著 | |
| 分册: | ||
| 出版信息: | 广州 世界图书出版公司 2010.04 |
|
| 页数: | 202页 | |
| 开本: | 26cm | |
| 丛书名: | 中国现代文学大师精品集丛书 | |
| 单 册: | ||
| 中图分类: | I216.2 | |
| 科图分类: | ||
| 主题词: | 文学--wen xue--中国--现代--作品综合集 | |
| 电子资源: | ||
| ISBN: | 978-7-5100-0603-6 | |
| 000 | 00946nam 2200253 450 | |
| 001 | 012010857367 | |
| 005 | 20101109170044.71 | |
| 010 | @a978-7-5100-0603-6@dCNY24.80 | |
| 100 | @a20101107d2010 em y0chiy0120 ea | |
| 101 | 0 | @achi |
| 102 | @aCN@b440000 | |
| 105 | @ay z 000zy | |
| 106 | @ar | |
| 200 | 1 | @a梁遇春精品集@Aliang yu chun jing pin ji@f《中国现代文学大师精品集丛书》编委会编@F《zhong guo xian dai wen xue da shi jing pin ji cong shu》bian wei hui bian |
| 210 | @a广州@c世界图书出版公司@d2010.04 | |
| 215 | @a202页@d26cm | |
| 225 | 2 | @a中国现代文学大师精品集丛书@Azhong guo xian dai wen xue da shi jing pin ji cong shu |
| 330 | @a本书包括:人死观;文艺杂话;泪与笑;途中;观火;破晓等多篇散文。 | |
| 410 | 0 | @12001 @a中国现代文学大师精品集丛书 |
| 606 | 0 | @a文学@Awen xue@y中国@z现代@j作品综合集 |
| 690 | @aI216.2@v4 | |
| 701 | 0 | @a梁遇春@Aliang yu chun@4著 |
| 801 | 0 | @aCN@bQSSK@c20101109 |
| 905 | @b788129-31@dI216.2@eL420@f3 | |
| 梁遇春精品集/《中国现代文学大师精品集丛书》编委会编.-广州:世界图书出版公司,2010.04 |
| 202页;26cm.-(中国现代文学大师精品集丛书) |
| ISBN 978-7-5100-0603-6:CNY24.80 |
| 本书包括:人死观;文艺杂话;泪与笑;途中;观火;破晓等多篇散文。 |
| ● |
| 相关链接 |
|
|
|
正题名:梁遇春精品集
索取号:I216.2/L420
 
预约/预借
| 序号 | 登录号 | 条形码 | 馆藏地/架位号 | 状态 | 备注 |
| 1 | 788129 | 207881292 | 文学库108/108文学库 13排3列3层/ [索取号:I216.2/L420] | 在馆 | |
| 2 | 788130 | 207881309 | 文学库108/108文学库 13排3列3层/ [索取号:I216.2/L420] | 在馆 | |
| 3 | 788131 | 207881318 | 文学库108/108文学库 13排3列3层/ [索取号:I216.2/L420] | 在馆 |